| 000 | 00488nam a22001937a 4500 | ||
|---|---|---|---|
| 003 | OSt | ||
| 005 | 20140310182843.0 | ||
| 008 | 130610t xxu||||| |||| 00| 0 eng d | ||
| 050 |
_aGV 784 _b.C227 1968 |
||
| 082 |
_aM 796.54 _bC16 1968 |
||
| 245 | _aCanoeing / | ||
| 260 |
_aNew Brunswick : _bUSA Library of Congress, _c1968. |
||
| 300 |
_a88 p. : _bill. ; _c21 cm. |
||
| 521 | _aCollege Students | ||
| 526 | _c1210L-1700L | ||
| 541 | _j1 | ||
| 562 | _e1 | ||
| 942 |
_2lcc _cBK _kM |
||
| 999 |
_c16891 _d16891 |
||